|
|
|
|
| LEADER |
01884cas a2200241 a 4500 |
| 001 |
AALejournalIMF017781 |
| 008 |
230101c9999 xx r poo 0 0eng d |
| 020 |
|
|
|c 5.00 USD
|
| 020 |
|
|
|z 9781484308400
|
| 022 |
|
|
|a 1934-7685
|
| 040 |
|
|
|a BD-DhAAL
|c BD-DhAAL
|
| 110 |
2 |
|
|a International Monetary Fund.
|b Monetary and Capital Markets Department.
|
| 245 |
1 |
0 |
|a Bulgaria :
|b Financial Sector Assessment Program: Technical Note-Stocktaking of Progress Achieved by the Bulgarian National Bank in Strengthening Banking Supervision.
|
| 264 |
|
1 |
|a Washington, D.C. :
|b International Monetary Fund,
|c 2017.
|
| 300 |
|
|
|a 1 online resource (47 pages)
|
| 490 |
1 |
|
|a IMF Staff Country Reports
|
| 500 |
|
|
|a <strong>Off-Campus Access:</strong> No User ID or Password Required
|
| 500 |
|
|
|a <strong>On-Campus Access:</strong> No User ID or Password Required
|
| 506 |
|
|
|a Electronic access restricted to authorized BRAC University faculty, staff and students
|
| 520 |
3 |
|
|a This Technical Note evaluates the progress achieved by the Bulgarian National Bank (BNB) in strengthening banking supervision in Bulgaria. Progress in responding to the recommendation of the 2015 Basel Core Principles Assessment is under way. As part of the reforms initiated in October 2015, the BNB has put in place a new governance model to enhance the effectiveness of supervision. The activities of the Banking Supervision Department (BSD) will now be governed by new formal policies adopted by the Governing Council (GC). Through a new quarterly report, the GC is now better informed on banking risks and progress in addressing them. The BSD is also subject to annual internal audit.
|
| 538 |
|
|
|a Mode of access: Internet
|
| 830 |
|
0 |
|a IMF Staff Country Reports; Country Report ;
|v No. 2017/199
|
| 856 |
4 |
0 |
|z Full text available on IMF
|u http://elibrary.imf.org/view/journals/002/2017/199/002.2017.issue-199-en.xml
|z IMF e-Library
|